|
|
|
|
| LEADER |
00000nta a2200000 i 4500 |
| 001 |
dolg25699 |
| 005 |
20221012154519.0 |
| 008 |
200619suuuu hu om 000 hun d |
| 040 |
|
|
|a BGE Dolgozattár Repozitórium
|b hun
|
| 041 |
|
|
|a hu
|
| 100 |
1 |
|
|a Budai Marianna
|
| 245 |
1 |
0 |
|a „Több mint egy gyógyszer" avagy a Neo Citrannal kapcsolatos marketing tevékenység elemzése
|c Budai Marianna
|h [elektronikus dokumentum]
|
| 695 |
|
|
|a OTC-piac
|
| 695 |
|
|
|a Gyógyszermarketing
|
| 700 |
1 |
|
|a Szántó Dr. Szilvia
|e ths
|
| 700 |
1 |
|
|a Klebovich András
|e ths
|
| 856 |
4 |
0 |
|u http://dolgozattar.uni-bge.hu/25699/1/D_10642.pdf
|z Dokumentum-elérés
|